| 000 | 02810nam a2200505 i 4500 | ||
|---|---|---|---|
| 001 | 193298 | ||
| 003 | SpMaBN | ||
| 005 | 20251215173953.0 | ||
| 007 | ta | ||
| 008 | 231031s2022 sp | |||| 001 m spa | ||
| 017 |
_aB 19403-2013 _bOficina Depósito Legal Barcelona |
||
| 020 | _a9788490325339 | ||
| 035 | _a(OCoLC)864195528 | ||
| 035 | _aa5430433 | ||
| 040 |
_aSpMaBN _bspa _cSpMaBN _erdc _dES-MaACL |
||
| 080 | _a821.112.2-82"19" | ||
| 100 | 0 |
_aCanetti, Elias, _d1905-1994 _0XX1721211 _934493 _eaut |
|
| 245 | 1 | 0 |
_aArrebatos verbales : _bdramas, ensayos, discursos y conversaciones / _cElias Canetti ; edición de Juan José del Solar, Ignacio Echevarría ; prólogo de Ignacio Echevarría ; traducción de Juan José del Solar, Adan Kovacsics, Carlos Fortea, José Manuel de Prada Samper |
| 250 | _aSegunda reimpresión: octubre de 2022 | ||
| 260 |
_a[Barcelona] : _bDebolsillo, _c2022 |
||
| 300 |
_aXX, 881 páginas ; _c19 cm |
||
| 336 |
_aTexto (visual) _2isbdcontent |
||
| 337 |
_asin mediación _2isbdmedia |
||
| 338 |
_2rdacarrier _avolumen |
||
| 490 | 0 |
_aObra completa ; _v9 |
|
| 490 | 1 | _aContemporánea | |
| 500 | _aÍndice de nombres | ||
| 505 | 0 | _aTeatro: La boda (1932) ; Comedia de la vanidad: drama en tres partes (1933) ; Los emplazados (1952) - La conciencia de las palabras - Miscelánea: artículos, discursos y piezas sueltas | |
| 520 | _aDe sus tres dramas, recogidos en este volumen, Canetti dijo que eran «en lo más íntimo» el centro de su obra, que según él no puede ser entendida realmente sin ellos. En cuanto a los ensayos, discursos y conversaciones también reunidos aquí, constituyen la mejor vía de acceso a la obra de Canetti, quien reflexiona en ellos sobre la profesión de escritor, sobre sus propios libros y sobre los de sus maestros (Confucio, Büchner, Tolstoi, Broch, Kraus, Kafka, entre tantos otros), y perfila con agudeza y claridad ejemplares sus experiencias, sus obsesiones y sus más arraigadas convicciones | ||
| 586 | _aPremio Nobel de Literatura | ||
| 700 | 1 |
_aSolar, Juan José del, _d1946- _epbl _etrl _9107098 |
|
| 700 | 1 |
_aEchevarría, Ignacio, _d1960- _epbl _eaui _946542 |
|
| 700 | 1 |
_aKovacsics, Adan _968670 _etrl |
|
| 700 | 1 |
_aFortea, Carlos, _d1963- _etrl _951844 |
|
| 700 | 1 |
_aPrada, José Manuel de, _d1963- _etrl _9234504 |
|
| 830 |
_aDeBolsillo Contemporánea _9234429 |
||
| 852 |
_aES-MaACL _9200737 _bR.154715 _jN-9489 _cDEPOJ _hDonación: Carlos Fortea _xEncuadernación rústica |
||
| 903 |
_aFortea, Carlos, _d1963- _ednr _951844 |
||
| 942 |
_n0 _cMONOGRAFIA |
||
| 999 |
_c193298 _d193298 |
||